Prose scelte : a mostrare il metodo di lui, la dottrina, lo stile. Galileo ; ordinate e annotate a uso delle scuole da Augusto Conti. 2. ed. stereotip

Gespeichert in:
Bibliographische Detailangaben
1. Verfasser: Galilei, Galileo.
Format: Buch
Sprache:Italienisch
Erschienen: Firenze G. Barbera 1869
Katalog:EDISCO:  Suchergebnis im Bibliothekskatalog
Schulbuchspezifische Eigenschaften:
Tags: Tag hinzufügen
Keine Tags, Fügen Sie den ersten Tag hinzu!
Hinzugefügt zu:30.04.2016
Geändert in:04.10.2017

MARC

LEADER 00000aam a22000007 4500
001 22337
003 OSt
005 20171004090705.0
008 160501s1869 it 000 0 ita
040 |c Paola Zonca - Torino - SBN 
041 1 |a ita 
100 1 |a Galilei, Galileo. 
245 0 0 |a Prose scelte : a mostrare il metodo di lui, la dottrina, lo stile. Galileo ; ordinate e annotate a uso delle scuole da Augusto Conti. 2. ed. stereotip 
260 |a Firenze  |b G. Barbera  |c 1869 
300 |a XV, 276 p., ;   |c 19 cm. 
901 |a 7 
700 1 |a Galilei, Galileo. 
942 |2 ddc  |c BK 
546 |a ita 
999 |c 22326  |d 22326 
999 |c edisco:22326  |d 22326